000 00571nam a2200193Ia 4500
005 20250508164041.0
008 008 250505s9999 xx 000 0 eng d
037 _aTextual
040 _aFEDL
_beng
_cFEDL
041 _aeng
_2eng
084 _a374, IGN
_qFEDL
245 0 _aDesign and development of self-learning print materials : ES-312
245 0 _cIGNOU
260 _aNew Delhi, India
_bIndira Gandhi National Open University
_c2001
365 _aINR
_b2005
650 _aAdult Education
942 _cTEXL
_h374, IGN
999 _c1386789
_d1386789